000 00479nam a2200181Ia 4500
008 240925s9999 xx 000 0 und d
020 _a28013182
082 _a004 NOR
100 _aNorton,, Peter
245 0 _aIntroduction To Computers
250 _a4th
260 _aNew York:
_bMcGraw-Hill
_c,1994.
300 _axii,959p.
_bNA
_fPirated
500 _aIncludes Index
600 _aComputer Science
650 _aComputer science, information & general works
942 _cBK
999 _c3937
_d3937